产后恢复苗条体态 (Record no. 14263)

000 -LEADER
fixed length control field 00494nam a22001937a 4500
003 - CONTROL NUMBER IDENTIFIER
control field MPLRDC
005 - DATE AND TIME OF LATEST TRANSACTION
control field 20220104123808.0
008 - FIXED-LENGTH DATA ELEMENTS--GENERAL INFORMATION
fixed length control field 210129b ||||| |||| 00| 0 eng d
020 ## - INTERNATIONAL STANDARD BOOK NUMBER
International Standard Book Number 957-557-506-7
082 ## - DEWEY DECIMAL CLASSIFICATION NUMBER
Classification number 411.71 FLE
100 ## - MAIN ENTRY--PERSONAL NAME
Personal name FILLIAN FLETCHER
245 ## - TITLE STATEMENT
Title 产后恢复苗条体态
Statement of responsibility, etc. 刘名扬译
250 ## - EDITION STATEMENT
Edition statement 初版
260 ## - PUBLICATION, DISTRIBUTION, ETC.
Place of publication, distribution, etc.
Name of publisher, distributor, etc. 大展出版社有限公司
Date of publication, distribution, etc. 1995
300 ## - PHYSICAL DESCRIPTION
Other physical details
490 ## - SERIES STATEMENT
Series statement 妇幼天地. 25
650 ## - SUBJECT ADDED ENTRY--TOPICAL TERM
Topical term or geographic name entry element 运动与健康
942 ## - ADDED ENTRY ELEMENTS (KOHA)
Koha item type Book
-- 411.71 FLE
Holdings
Withdrawn status Lost status Source of classification or shelving scheme Damaged status Not for loan Collection code Home library Current library Shelving location Date acquired Cost, normal purchase price Total Checkouts Full call number Barcode Date last seen Date last checked out Price effective from Koha item type Public note
            Malaysian Public Library, Research and Development Centre Malaysian Public Library, Research and Development Centre   10/12/2007 9.00   411.71 FLE 00014291 17/03/2021 10/12/2007 17/03/2021 Book mplrdc

© 2022. Malaysian Public Library, Research and Development Centre. All Right ReservedE-mailmplrdc@help.edu.my 

Powered by Koha